Fisiología deportiva /
Guardado en:
| Autor Principal: | |
|---|---|
| Formato: | Libro |
| Publicado: |
Buenos Aires :
El Ateneo,
1987
|
| Materias: | |
| Etiquetas: |
Agregar Etiqueta
Sin Etiquetas, Sea el primero en etiquetar este registro!
|
| LEADER | 00897nam a22002175a 4500 | ||
|---|---|---|---|
| 001 | CEM.cems001702 | ||
| 005 | 20060214000000.0 | ||
| 008 | 130507s1987##################000#0#####d | ||
| 003 | CEMS | ||
| 082 | 0 | 4 | |a 612 |
| 100 | 1 | |a Ciro, Rolando Osmar | |
| 245 | 1 | 0 | |a Fisiología deportiva / |
| 260 | |a Buenos Aires : |b El Ateneo, |c 1987 | ||
| 300 | |a 207 p. | ||
| 505 | 0 | |a Biolog¡a.- Energ¡a para la actividad.- Aparato circulatorio y respiratorio.- Medio interno.- Temperatura corporal.- sistema nervioso; muscular; neuromuscular.- Gl ndulas de secreci¢n interna.- Metabolismo y nutrici¢n.- Entrenamiento deportivo.- Fatiga y dolores musculares.- El deporte en la infancia...- | |
| 653 | |a Ancianidad y deportes | ||
| 653 | |a Deportes y embarazo | ||
| 653 | |a Deportes-doping | ||
| 653 | |a Donacion c. basico | ||
| 653 | |a Fisiologia deportiva | ||
| 859 | |a CEMS |b BIB. CEMS - 11 de abril |h 612 |i C496 |p 16620.92 |t Ej.1 | ||
